| 000 | 01299nam a2200313Ia 4500 | ||
|---|---|---|---|
| 003 | OSt | ||
| 005 | 20221007123408.0 | ||
| 006 | a|||||r|||| 00| 0 | ||
| 007 | ta | ||
| 008 | 221006b |||||||| |||| 00| 0 eng d | ||
| 020 |
_a8187169192 (pbk) _cRs.250.00 |
||
| 024 | _a11150 | ||
| 037 |
_bUnilib, _cTextual |
||
| 040 |
_aPAPL _cPAPL _beng |
||
| 041 |
_2eng _aeng |
||
| 082 | _aC51, N1;1 | ||
| 100 | _aYung-Kuo Lim Ed | ||
| 110 | _aUniversity of Science and Technology of China, the Physics Coaching Class^fComp | ||
| 245 | 0 | _aProblems and solutions on optics comp by University of Science and Technology of China, The Physics Coaching Class. Ed by Lim Yung-Kuo | |
| 260 |
_aSingapore _bWorld Scientific _c1991 |
||
| 300 |
_aix, 192p _ccm. |
||
| 490 | _aMajor American Universities Ph.D. qualifying questions and solutions | ||
| 500 | _a (Reprinted in 2002); ^n23/CSL/CARPA/2003-2004/1003^d2003-11-11^mPurchase; ; 2003-04/412^b2003-11-19^c246^d2003-11-11^eRs.4,680.00^fUnilib Book Distributors; ; 2004-01-14^bSB^c2004-01-14^dVinay | ||
| 650 | _a Optics | ||
| 650 | _aPhysics | ||
| 700 | _aUniversity of Science and Technology of China, the Physics Coaching Class^fComp | ||
| 942 |
_hC51, N1;1 _cTEXL _2CC |
||
| 999 |
_c1211816 _d1211816 |
||